000 00818cab a22002175a 4500
001 L159875
008 150113e2017 xxk 000 0 eng d
035 _a(Sirsi) u159875
041 0 _aeng
100 1 _aEdwards, John
245 0 0 _aRegistering risks
_h[electronic resource]
260 _aLondon
_bRICS
_c2017
490 _aRICS Building Surveying Journal
_vMay - June 2017, 28-30(3)
520 _aExplains how to manage risks in building conservation projects.
650 2 4 _aRISK MANAGEMENT
650 2 4 _aBUILT ENVIRONMENT-BUILDING MAINTENANCE AND REFURBISHMENT-BUILDING CONSERVATION
651 4 _aUnited Kingdom
_y
690 _aConservation and restoration
856 4 0 _uhttps://issuu.com/ricsmodus/docs/building_surveying_journal_may_june_e51321e7dff376
_yAvailable free online via Issuu
942 _n0
_2ddc
999 _c85035
_d85035